L'Europe et le tiers monde

Đã lưu trong:
Bibliografiske detaljer
Institution som forfatter: Les Dossiers Bis
Format: Bog
Sprog:Undetermined
Udgivet: Paris Les Dossiers Bis 1976
Fag:
Tags: Tilføj Tag
Ingen Tags, Vær først til at tagge denne postø!
Thư viện lưu trữ: Trung tâm Học liệu Trường Đại học Cần Thơ
LEADER 00471nam a2200181Ia 4500
001 CTU_98698
008 210402s9999 xx 000 0 und d
082 |a 338.9 
082 |b D724 
110 |a Les Dossiers Bis 
245 0 |a L'Europe et le tiers monde 
245 0 |c Les Dossiers Bis 
260 |a Paris 
260 |b Les Dossiers Bis 
260 |c 1976 
650 |a Developing countries 
904 |i Giang 
980 |a Trung tâm Học liệu Trường Đại học Cần Thơ